00354nam a2200133Ia 4500003000400000008004100004040001600045082001600061100002500077245006400102260002300166300000800189650002300197GCL140319s9999 xx 000 0 eng d aGCL / cGCL04a863.01bG L1 aGALDOS, BENITO PEREZ10aLA VUETTA AL MUNDOEN LA (NUMANCIA) / cGALDOS, BENITO PEREZ a[S.N] : bHERNANDO a18804aSPANISH LITERATURE